Państwa Strefy Schengen - Statystyki

Ogólne statystyki
  • Ten quiz został rozwiązany 2 541 razy
  • Średni wynik to 18 z 29
Statystyki odpowiedzi
Data dołączenia Kraj % Poprawnych
2007,2008 Polska
96%
1995 Niemcy
92%
1995 Francja
86%
1995 Hiszpania
86%
1995 Portugalia
79%
2007 , 2008 Czechy
77%
2001 Szwecja
75%
1995 Belgia
74%
2007,2008 Słowacja
74%
1997 Włochy
71%
2001 Norwegia
70%
2001 Finlandia
69%
1995 Holandia
69%
2007 , 2008 Litwa
69%
1997 Austria
68%
2007,2008 Łotwa
66%
2007 , 2008 Estonia
65%
2001 Dania
61%
1995 Luksemburg
58%
2008,2009 Szwajcaria
58%
2007,2008 Węgry
58%
2007,2008 Słowenia
55%
2000 Grecja
51%
2011 Liechtenstein
37%
2001 Islandia
33%
1997 San Marino
32%
1997 Watykan
32%
2007,2008 Malta
27%
1995 Monako
27%
Nie znaleziono quizów pasujących do podanych kryteriów
Rozkład punktacji
Procent ludzi z każdym wynikiem
Percentyl według liczby udzielonych odpowiedzi
Twoja historia wyników
Nie rozwiązałeś tego quizu